ترجمہ تاریخ یمنی ;; tarjamah taarekh yamani / (Record no. 85582)
[ view plain ]
| 000 -LEADER | |
|---|---|
| fixed length control field | 00656naa a2200205 a 4500 |
| 001 - CONTROL NUMBER | |
| control field | 85582 |
| 003 - CONTROL NUMBER IDENTIFIER | |
| rucl marc code | BD-RjUL |
| 005 - DATE AND TIME OF LATEST TRANSACTION | |
| control field | 20250827121804.0 |
| 008 - FIXED-LENGTH DATA ELEMENTS--GENERAL INFORMATION | |
| fixed length control field | 250827s1966 ir ||||| |||| 00| 0 per d |
| 035 ## - SYSTEM CONTROL NUMBER | |
| System control number | (BD-RjUL)85582 |
| 040 ## - CATALOGING SOURCE | |
| Original cataloging agency | BD-RjUL |
| Language of cataloging | eng |
| Transcribing agency | BD-RjUL |
| 041 ## - LANGUAGE CODE | |
| Language code of text/sound track or separate title | per |
| 082 ## - DEWEY DECIMAL CLASSIFICATION NUMBER | |
| Edition number | 23 |
| Classification number | 953.3 |
| Author mark and year | FAT 1966 |
| 100 ## - MAIN ENTRY--PERSONAL NAME | |
| Personal name | Jorfadeqani, Naseh ibn Zafar |
| 9 (RLIN) | 16682 |
| 245 ## - TITLE STATEMENT | |
| Title | ترجمہ تاریخ یمنی ;; tarjamah taarekh yamani / |
| Statement of responsibility, etc. | by Naseh ibn Zafar Jorfadeqani ; J'a far Chear |
| 260 ## - PUBLICATION, DISTRIBUTION, ETC. (IMPRINT) | |
| Place of publication, distribution, etc. | Tehran : |
| Name of publisher, distributor, etc. | B.T.N.K. |
| Date of publication, distribution, etc. | 1966 |
| 490 ## - SERIES STATEMENT | |
| Series statement | persian text series / g. editor E. Yar - Shatar; |
| Volume/sequential designation | no. 30 |
| 650 ## - SUBJECT ADDED ENTRY--TOPICAL TERM | |
| Topical term or geographic name as entry element | History |
| Geographic subdivision | Yemen |
| 9 (RLIN) | 16681 |
| 942 ## - ADDED ENTRY ELEMENTS (KOHA) | |
| Source of classification or shelving scheme | Dewey Decimal Classification |
| Koha item type | Books |
| Lost status | Source of classification or shelving scheme | Damaged status | Not for loan | Collection code | Permanent Location | Current Location | Shelving location | Date acquired | Full call number | Date last seen | Copy number | Koha item type |
|---|---|---|---|---|---|---|---|---|---|---|---|---|
| Dewey Decimal Classification | Not For Loan | Non-fiction | Central Library, University of Rajshahi | Central Library, University of Rajshahi | Reading Room | 27/08/2025 | F 953.3 FAT 1966 | 27/08/2025 | C-1 | Books |